Statistics for Vatican City Country Quiz

Click here to take the quiz!

General Stats

  • This quiz has been taken 13,513 times
    (13,429 since last reset)
  • The average score is 13 of 18

Answer Stats

HintAnswer% Correct
City that surrounds the VaticanRome
99%
Language used in official communicationsItalian
98%
The Vatican is the only country where ATMs have this language as an optionLatin
96%
The Vatican is the ____ country in the world, just 0.49 square kilometersSmallest
95%
Person who painted the ceiling of the Sistine ChapelMichelangelo
90%
It is thought that the Vatican has the highest per-capita consumption of this beverageWine
89%
Current popeFrancis
86%
Bodyguards of the pope{Swiss} Guard
80%
Largest church in the worldSt. Peter's
73%
Only about 5% of the population of the Vatican are ____, the lowest of any countryWomen
73%
People who elect the popeCollege of {Cardinal}s
71%
Term for the things under the jurisdiction of the pope, which includes the Vatican
but also other church properties
Holy {See}
64%
Former name of the lands controlled by the pope prior to the Lateran Treaty of 1929{Papal} States
63%
River near which the Vatican is locatedTiber
60%
Italian Prime Minister who signed that treatyBenito Mussolini
58%
Objects which appear on the flagKeys
48%
Objects which appear on the flagTiara
37%
Official residence of the pope{Apostolic} Palace
16%

Score Distribution

Percentile by Number Answered

Percent of People with Each Score

Your Score History

You have not taken this quiz since the last reset